000 00450 a2200157 4500
999 _c7867
_d7867
020 _a9780006365136
050 _aHF 5719 MIT 1974
100 _aMitcheli, John
_eauthor
245 _aHoew to write reports /
_cJohn Mitcheli
264 _aGlasgow:
_bFontana,
_c1974.
300 _a157p. :
500 _aAlso printed by William Collins Sons and Co.
650 _aBusiness report writing
650 _aTechnical writing
942 _2lcc
_cBK
_h5719
_iMIT
_kHF